01396 a2200193 4500003000500000005001700005040000900022082001800031100002900049245004100078260004500119300003000164505078800194600002900982650003401011942001201045999001901057952012601076Nust20221125163910.0 cNust a621.38132,SAB aSabbagh M. Elias9103643 aCircuit analysis /cSabbagh M. Elias aThe Ronald Press CompanybNew Yorkc1961 aviii, 455 pbillusc24 cm aIntroduction (Page-3), The Electrostatic Field and Capacitance (Page-9), Electric Current and Resistance (Page-24),The Magnetic Field Magnetic Indication and Inductances (Page-37), Magnetic Circuits (Page-50), Circuits Elements (Page-56), Circuits Equilibrium Equations (Page-69), Singular Functions and System Response (Page-86), Network Transformations (Page-119), Complex Algebra (Page-146) Effective Values and Power (Page-178), The Complex Frequency Concept (Page-207), Impedance in the Complex Frequency Plane (Page-218), Resonance (Page-250), Equilibrium Equations for More General Circuits (Page-294), General Methods of Solution (Page-318), Signal Flow Diagram (Page-330), Three Phase Circuits (Page-386), Magnetically Coupled Circuits (Page-396), Fourier Series (Page-416). aSabbagh M. Elias9103643 aTelecommunication engineering 2ddccBK c181965d181965 00102ddc4070aMCSbMCScGENd2016-12-12o621.38132,SABpMCS5868r2016-12-08w2016-12-12yBKzAlmirah No.32, Shelf No.4